Statistics for top strongest countries

Click here to take the quiz!

General Stats

  • This quiz has been taken 25 times
  • The average score is 9 of 10

Answer Stats

HintAnswer% Correct
3China
100%
7France
100%
5Japan
100%
2Russia
100%
8UK
100%
4India
95%
1USA
95%
6South Korea
86%
10Brazil
81%
9Pakistan
81%

Score Distribution

Percentile by Number Answered

Percent of People with Each Score

Your Score History

You have not taken this quiz